000 00397nam a2200157Ia 4500
003 GCL
008 140319s9999 xx 000 0 eng d
040 _aGCL /
_cGCL
082 0 4 _a618.92915
_bCI
100 1 _aCARTY,HELEN
245 1 0 _aIMAGING CHILDREN /
_cCARTY,HELEN
700 1 _aSHAW, DOVALG
260 _a[S.N] :
_bCHURCHILL LIVINGSTONE ،
_c1995
650 0 4 _aPEDIATRICS
942 _2ddc
_cBK
999 _c11602
_d11602